| 000 | 00694nam a22002057a 4500 | ||
|---|---|---|---|
| 005 | 20240108123205.0 | ||
| 010 | _aENG-138821 | ||
| 020 |
_a978-81-945305-1-0 _c795.00 |
||
| 035 | _aEN-122353 | ||
| 037 | _bDBAD/PUB | ||
| 082 |
_a155.633 _21 |
||
| 245 |
_aWomen's Well-Being Inclusive and Sustainable Growth/ _cEdited by Pakiza Begum, Pimily Langathasa And Priyanka Tamuli |
||
| 250 | _a1 | ||
| 260 |
_aAssam _bThe Gargon College, _c 2023 |
||
| 270 |
_aSimaluguri, Sivasagar _bAssam-785686 |
||
| 300 |
_a336p. _c23cm(Hbk) _bContent |
||
| 700 | _960332 | ||
| 710 |
_aPakiza Begum, Pimily Langthasa And Priyanka Tamuli _eEditors _960735 |
||
| 942 |
_2ddc _cEN _h155.633 _mWOM _e1 |
||
| 999 |
_c200022 _d200022 |
||